000 01486nam a2200361 a 4500
001 ebr10516443
003 CaPaEBR
006 m u
007 cr cn|||||||||
008 930217s1992 dcua sb 001 0 eng d
010 _z 93116341
020 _z1563470446
020 _z9781563470448
020 _z9781600863998 (e-book)
040 _aCaPaEBR
_cCaPaEBR
035 _a(OCoLC)301007358
050 1 4 _aTA358
_b.C66 1992eb
082 0 4 _a629.1/01515355
_220
245 0 0 _aComputational nonlinear mechanics in aerospace engineering
_h[electronic resource] /
_cedited by Satya N. Atluri.
260 _aWashington, D.C. :
_bAmerican Institute of Aeronautics and Astronautics,
_cc1992.
300 _axv, 547 p. :
_bill.
490 1 _aProgress in astronautics and aeronautics,
_x0079-6050 ;
_vv. 146
504 _aIncludes bibliographical references and index.
533 _aElectronic reproduction.
_bPalo Alto, Calif. :
_cebrary,
_d2013.
_nAvailable via World Wide Web.
_nAccess may be limited to ebrary affiliated libraries.
650 0 _aAerodynamics
_xMathematics.
650 0 _aAirplanes
_xMaterials
_xMathematical models.
650 0 _aNonlinear mechanics.
655 7 _aElectronic books.
_2local
700 1 _aAtluri, Satya N.
710 2 _aebrary, Inc.
830 0 _aProgress in astronautics and aeronautics ;
_vv. 146.
856 4 0 _uhttp://site.ebrary.com/lib/rucke/Doc?id=10516443
_zAn electronic book accessible through the World Wide Web; click to view
999 _c122431
_d122431